| 000 | 00000nam 2200000za 4500 |
| 001 | 9.822300 |
| 003 | CaOODSP |
| 005 | 20221107143645 |
| 007 | cr ||||||||||| |
| 008 | 160809s2016 onc o f000 0 fre d |
| 040 | |aCaOODSP|bfre |
| 043 | |an-cn--- |
| 086 | 1 |aH113-24/2016-42F-PDF |
| 245 | 00|aS-métolachlore |h[ressource électronique]. |
| 260 | |aOttawa : |bSanté Canada, |cc2016. |
| 300 | |a6 p. |
| 490 | 1 |aLimites maximales de résidus proposées, |x1925-086X ; |vPMRL2016-42 |
| 500 | |aPubl. aussi en anglais sous le titre : S-metolachlor. |
| 500 | |a« Le 8 août 2016. » |
| 504 | |aComprend des références. |
| 520 | |aEn vertu de la Loi sur les produits antiparasitaires, l’Agence de réglementation de la lutte antiparasitaire (ARLA) de Santé Canada a jugé acceptable l’ajout de nouvelles utilisations concernant diverses denrées sur les étiquettes des herbicides DUAL II Magnum® et DUAL Magnum®, qui contiennent du s-métolachlore de qualité technique. Les utilisations approuvées au Canada sont décrites sur les étiquettes des herbicides DUAL II Magnum® et DUAL Magnum® (numéros d’homologation 25729 et 25728, respectivement). L’herbicide DUAL II Magnum® contient également du bénoxacore comme phytoprotecteur. La consultation sur la limite maximale de résidus (LMR) pour le bénoxacore présent dans l’herbicide DUAL II MAGNUM® se déroule dans le cadre d’une mesure distincte. L’évaluation de cette demande concernant le s-métolachlore a permis de conclure que la préparation commerciale a une valeur et que les risques liés à ces nouvelles utilisations sont acceptables pour la santé humaine et pour l’environnement. |
| 530 | |aÉgalement publ. en version imprimée. |
| 692 | 07|2gccst|aHerbicide |
| 692 | 07|2gccst|aAccréditation |
| 692 | 07|2gccst|aToxicologie |
| 710 | 1 |aCanada. |bAgence de réglementation de la lutte antiparasitaire. |
| 710 | 1 |aCanada. |bSanté Canada. |
| 775 | 08|tS-metolachlor |w(CaOODSP)9.822299 |
| 830 | #0|aLimites maximales de résidus proposées,|x1925-086X ; |vPMRL2016-42|w(CaOODSP)9.501545 |
| 856 | 40|qPDF|s169 Ko|uhttps://publications.gc.ca/collections/collection_2016/sc-hc/H113-24-2016-42-fra.pdf |